LEADER 01064nam a2200277 i 4500 001 000000245387 003 CaOOAMICUS 005 20151006000000.0 008 151006s1944 it u000 u ita u 013 $a224292 040 $aSeMil$bita 100 1 $aSiri, Giuseppe,$c.$0(OLS)http://semarc/name/1364 245 13$aLa ricostruzione della vita sociale /$cGiuseppe Siri. 250 $a2. edizione. 260 $aRoma :$bAVE,$cstampa 1944. 300 $a150 p. ;$c20 cm. 490 0 $aLa biblioteca sociale dell'AVE ;$v1 500 $aFondo card. Giovanni Colombo. 650 4$aVita sociale.$0(OLS)http://semarc/subject/40947 830 3$aLa biblioteca sociale dell'AVE [AVE] ;$v1.$0(OLS)http://semarc/title/44183 850 $aSeMil 852 $aSeMil$W1$xVenegono$y1$m3GC IV 291$j195733$B195733$CSeMilBibl$Z2$F206410 $8B 941 1 $a3 961 $aLascito: Colombo Card. Giovanni 996 $6245$aLa ricostruzione della vita sociale$9(OLS)http://semarc/title/338726 996 $6260$aRoma :$bAVE$9(OLS)http://semarc/publisher/30251 LEADER 01422nam a2200289 i 4500 001 000000035659 003 CaOOAMICUS 005 20181029124416.0 008 100414s1989 it u000 u ita u 013 $a4157 040 $aSeMil$bita 100 1 $aCastro, Francisco : de,$d.$0(OLS)http://semarc/name/16683 245 10$aStoria della vita e sante opere di Giovanni di Dio :$bprima biografia di S. Giovanni di Dio (sec. 16.) /$cFrancesco de Castro ; traduzione, introduzione e note di p. Gabriele Russotto. 250 $a2. ed. 260 $aMilano :$bFatebenefratelli,$c1989. 300 $a204 p. ;$c19 cm. 500 $aIn appendice: "I Fatebenefratelli in Italia" di A. Montonati. 600 04$aGiovanni : di Dio .$0(OLS)http://semarc/subject/1523 650 4$aFatebenefratelli (Ospedale).$0(OLS)http://semarc/subject/4494 650 4$aAgiografia.$0(OLS)http://semarc/subject/327 700 1 $aRussotto, Gabriele .$0(OLS)http://semarc/name/4820 850 $aSeMil 852 $aSeMil$W1$xVenegono$y1$m3H II 313$j1814$B1814$CSeMilBibl$Z2$F1814 $81 961 $aOmaggio: Donazione 996 $6245$aStoria della vita e sante opere di Giovanni di Dio :$bprima biografia di S. Giovanni di Dio (sec. 16.)$9(OLS)http://semarc/title/48976 996 $6260$aMilano :$bFatebenefratelli$9(OLS)http://semarc/publisher/32351